|
|
|
|
| LEADER |
01500nam a2200385Ia 4500 |
| 001 |
EBC3415091 |
| 003 |
MiAaPQ |
| 005 |
20200520144314.0 |
| 006 |
m o d | |
| 007 |
cr cn||||||||| |
| 008 |
120525s2012 miu sb s001 0 eng d |
| 010 |
|
|
|z 2012019742
|
| 020 |
|
|
|z 9780472051762 (paper)
|
| 020 |
|
|
|z 9780472071760 (hardback)
|
| 020 |
|
|
|a 9780472028375 (electronic bk.)
|
| 035 |
|
|
|a (MiAaPQ)EBC3415091
|
| 035 |
|
|
|a (Au-PeEL)EBL3415091
|
| 035 |
|
|
|a (CaPaEBR)ebr10605396
|
| 035 |
|
|
|a (CaONFJC)MIL393325
|
| 035 |
|
|
|a (OCoLC)852366218
|
| 040 |
|
|
|a MiAaPQ
|c MiAaPQ
|d MiAaPQ
|
| 050 |
|
4 |
|a HG4538
|b .P566 2012
|
| 082 |
0 |
4 |
|a 332.67/3
|2 23
|
| 100 |
1 |
|
|a Jensen, Nathan M.
|q (Nathan Michael),
|d 1975-
|
| 245 |
1 |
0 |
|a Politics and foreign direct investment
|h [electronic resource] /
|c Nathan M. Jensen ... [et al.].
|
| 260 |
|
|
|a Ann Arbor :
|b University of Michigan Press,
|c 2012.
|
| 300 |
|
|
|a viii, 211 p.
|
| 490 |
0 |
|
|a Michigan studies in international political economy
|
| 504 |
|
|
|a Includes bibliographical references and index.
|
| 533 |
|
|
|a Electronic reproduction. Ann Arbor, MI : ProQuest, 2015. Available via World Wide Web. Access may be limited to ProQuest affiliated libraries.
|
| 650 |
|
0 |
|a Investments, Foreign
|x Political aspects.
|
| 650 |
|
0 |
|a International business enterprises
|x Political aspects.
|
| 655 |
|
4 |
|a Electronic books.
|
| 710 |
2 |
|
|a ProQuest (Firm)
|
| 856 |
4 |
0 |
|u https://ebookcentral.proquest.com/lib/matrademy/detail.action?docID=3415091
|z Click to View
|